Vaříme chutně a hospodárně

Bibliographic Details
Format: Book
Language:Undetermined
PhysicalDescription:28 s.
Published: Praha Studijní a zkušební ústav ČSŽ [1974]
Edition:1. čes. vyd.

MARC

LEADER 00000nam a2200000 a 4500
001 vtls001465282
003 SK-MaSNL
005 20260223222709.0
008 210928s1974 xx 0 und
035 |a SNK000420587 
040 |a SNK  |b slo  |c SNK  |e AACR2 
245 1 |a Vaříme chutně a hospodárně 
250 |a 1. čes. vyd. 
260 |a Praha  |b Studijní a zkušební ústav ČSŽ  |c [1974] 
300 |a 28 s. 
958 |a OND 
999 |c 730396  |d 732326 
952 |t P60, <04>, [BOOK], {604}  |a SNK  |b SNK  |y VYP  |7 0  |p 17A0407523  |o snkIC 61962  |i snkF 3647/75  |0 0  |1 0  |4 0  |d 2003-12-12  |l 0  |r 2005-01-02 00:00:00  |w 2026-02-23